[Event "LSS No Engine Cup 11 Preliminary 4"]
[Site "LSS email"]
[Date "2009.11.23"]
[Round "?"]
[White "Jaleel, Abdul Ali"]
[Black "Kerecsenyi, Zoltan"]
[Result "0-1"]
[WhiteElo "800"]
[BlackElo "1569"]
[PlyCount "22"]
[EventDate "2009.11.24"]
[EventType "tourn (corr)"]
[EventRounds "6"]
[EventCountry "GER"]
[SourceTitle "Corr 2015"]
[Source "ChessBase"]
[SourceDate "2015.07.17"]
[SourceVersion "1"]
[SourceVersionDate "2015.07.17"]
[SourceQuality "1"]

1. e4 c5 2. Nc3 Nc6 3. Bb5 a6 4. Bc4 e6 5. Nge2 b5 6. Nxb5 axb5 7. Bxb5 Bb7 8. 0-0 Bd6 9. d3 Nf6 10. Bg5 0-0 11. f4 Be7 0-1